Statistics for Italian Geography Tile Select Quiz

Click here to take the quiz!

General Stats

  • This quiz has been taken 19 times
  • The average score is 32 of 45

Answer Stats

QuestionTileSelect% Correct
Italian RegionsAbruzzoYes
100%
Italian RegionsMaltaNo
100%
Italian RegionsSpalatoNo
100%
Italian RegionsTuscanyYes
100%
Italian RegionsZaraNo
100%
Italian RegionsCorsicaNo
95%
Italian RegionsLombardiaYes
95%
Italian Region CapitalsBariYes
89%
Islands Located In ItalyElbaYes
89%
Cities in TuscanyJesiNo
89%
Islands Located In ItalyRodiNo
89%
Cities in TuscanyFirenzeYes
84%
Cities in TuscanyIserniaNo
84%
Islands Located In ItalyItacaNo
84%
Italian RegionsLazioYes
84%
Italian Region CapitalsAostaYes
79%
Italian Region CapitalsBolzanoNo
79%
Islands Located In ItalyCorfùNo
79%
Islands Located In ItalyIschiaYes
79%
Islands Located In ItalySantoriniNo
79%
Cities in TuscanyViareggioYes
79%
Mountains Located In ItalyAnnapurnaNo
74%
Mountains Located In ItalyDenaliNo
74%
Mountains Located In ItalyAtlanteNo
68%
Italian Region CapitalsCataniaNo
68%
Cities in TuscanySarzanaNo
68%
Cities in TuscanyTerniNo
68%
Mountains Located In ItalyAmiataYes
63%
Italian RegionsMoliseYes
63%
Cities in TuscanyArezzoYes
58%
Mountains Located In ItalyCervinoYes
58%
Islands Located In ItalyLampedusaYes
58%
Italian Region CapitalsUdineNo
58%
Mountains Located In ItalyCimoneYes
53%
Mountains Located In ItalyFalteronaYes
53%
Islands Located In ItalyPantelleriaYes
53%
Italian Region CapitalsPescaraNo
53%
Italian Region CapitalsPotenzaYes
53%
Italian Region CapitalsCampobassoYes
47%
Mountains Located In ItalyRosaYes
47%
Islands Located In ItalyGiglioYes
42%
Cities in TuscanyGrossetoYes
42%
Mountains Located In ItalyPilaNo
42%
Italian Region CapitalsCatanzaroYes
32%
Cities in TuscanyVaianoYes
32%

Score Distribution

Percentile by Number Answered

Percent of People with Each Score

Your Score History

You have not taken this quiz